Tableau des médailles olympiques - Gymnastique artistique - Statistiques

Statistiques générales
  • Ce quiz a été pris 169 fois
  • Le résultat moyen est 9 sur 15
Statistiques - réponses
Total Or Argent Bronze Pays % Correct
121 38 44 39 États-Unis
99%
68 29 21 18 Chine
95%
16 5 10 11 France
94%
103 33 34 36 Japon
86%
44 10 15 19 Russie
79%
32 14 8 10 Italie
77%
71 25 20 26 Roumanie
68%
38 13 12 13 Allemagne
65%
36 6 13 17 Allemagne de l’Est
65%
49 16 19 14 Suisse
45%
18 9 5 4 Équipe unifiée de l'ex-URSS
41%
182 72 67 43 Union soviétique
41%
41 15 12 14 Hongrie
33%
15 8 5 12 Finlande
27%
35 12 13 10 Tchécoslovaquie
12%
Aucun quiz correspondant
Distribution des résultats
% des personnes avec chaque résultat
Percentile par nombre de réponses
Votre historique - résultats
Vous n’avez pas pris ce quiz